| 000 | 00669nam a2200193 4500 | ||
|---|---|---|---|
| 008 | 030722s1983 us 0 eng | ||
| 020 | _a0894533037 | ||
| 090 |
_aDF261.C65 _bM95 |
||
| 100 | 1 | _aMurphy-O'Connor, Jerome | |
| 245 | 1 | 0 |
_aSt. Paul's Corinth : _btexts and archaeology / _cJerome Murphy-O'Connor. |
| 260 |
_aDelaware : _bMichael Glazier, _cc1983. |
||
| 300 |
_a192 p. : _bills., maps |
||
| 490 | 1 | _aGood news studies | |
| 504 | _aBiblio: pp. 177-185 | ||
| 650 | 4 |
_aBible. N.T. _xAntiquities. |
|
| 650 | 4 |
_aBible. N.T. _xArchaeology. |
|
| 650 | 4 |
_aCorith (Greece) _xHistory _xSources. |
|
| 951 |
_p11429 _x00004950 _oDF261.C65/M95 _j070613111254937 _d2000-12-21 _cGC |
||
| 999 |
_c16009 _d16009 |
||